Introducción a la fenomenología / (Registro nro. 16454)
[ vista simple ]
| 000 -LEADER | |
|---|---|
| fixed length control field | 01021cam a2200289 i 4500 |
| 001 - CONTROL NUMBER | |
| control field | 16454 |
| 003 - CONTROL NUMBER IDENTIFIER | |
| control field | Mx-PuUPA |
| 005 - DATE AND TIME OF LATEST TRANSACTION | |
| control field | 20191008155106.0 |
| 008 - FIXED-LENGTH DATA ELEMENTS--GENERAL INFORMATION | |
| fixed length control field | 140415s1986 sp r 000 0 spa d |
| 020 ## - INTERNATIONAL STANDARD BOOK NUMBER | |
| International Standard Book Number | 8474901375 |
| 040 ## - CATALOGING SOURCE | |
| Original cataloging agency | Mx-PuUPA |
| Language of cataloging | spa |
| Transcribing agency | Mx-PuUPA |
| Modifying agency | Mx-PuUPA |
| Description conventions | rda |
| 041 ## - LANGUAGE CODE | |
| Language code of text/sound track or separate title | spa |
| Language code of original | dut |
| 100 1# - MAIN ENTRY--PERSONAL NAME | |
| Personal name | Reinach, Adolf, |
| 9 (RLIN) | 7856 |
| Dates associated with a name | 1883-1917, |
| Relator term | autor |
| 240 10 - UNIFORM TITLE | |
| Uniform title | Über phänomenologie. |
| Language of a work | Español |
| 245 10 - TITLE STATEMENT | |
| Title | Introducción a la fenomenología / |
| Statement of responsibility, etc. | Adolf Reinach ; presentación, traducción y notas por Rogelio Rovira |
| 264 #4 - PRODUCTION, PUBLICATION, DISTRIBUTION, MANUFACTURE, AND COPYRIGHT NOTICE | |
| Place of production, publication, distribution, manufacture | Madrid : |
| Name of producer, publisher, distributor, manufacturer | Ediciones encuentro, |
| Date of production, publication, distribution, manufacture, or copyright notice | ©1986 |
| 300 ## - PHYSICAL DESCRIPTION | |
| Extent | 69 páginas ; |
| Dimensions | 19 cm. |
| 336 ## - CONTENT TYPE | |
| Fuente | rdacontent |
| Content type term | texto |
| Content type code | txt |
| 337 ## - MEDIA TYPE | |
| Source | rdamedia |
| Media type term | sin medio |
| Media type code | n |
| 338 ## - CARRIER TYPE | |
| Source | rdacarrier |
| Carrier type term | volumen |
| Carrier type code | nc |
| 490 0# - SERIES STATEMENT | |
| Series statement | Libros de bolsillo ; |
| Volume/sequential designation | 33 |
| 650 #4 - SUBJECT ADDED ENTRY--TOPICAL TERM | |
| Topical term or geographic name entry element | Fenomenología |
| 700 1# - ADDED ENTRY--PERSONAL NAME | |
| Personal name | Rovira, Rogelio, |
| Relator term | traductor |
| 700 1# - ADDED ENTRY--PERSONAL NAME | |
| Relationship information | Traducción de (obra): |
| Personal name | Reinach, Adolf, |
| Dates associated with a name | 1883-1917. |
| Title of a work | Über phänomenologie |
| 942 ## - ADDED ENTRY ELEMENTS (KOHA) | |
| Source of classification or shelving scheme | Dewey Decimal Classification |
| Koha item type | Libro |
| Classification part | 142.7 |
| Item part | REI |
| Withdrawn status | Lost status | Source of classification or shelving scheme | Damaged status | Not for loan | Collection code | Home library | Current library | Shelving location | Date acquired | Source of acquisition | Total Checkouts | Full call number | Barcode | Date last seen | Date last checked out | Price effective from | Koha item type |
|---|---|---|---|---|---|---|---|---|---|---|---|---|---|---|---|---|---|
| Dewey Decimal Classification | General | Biblioteca Karol Wojtyla | Biblioteca Karol Wojtyla | Sala general | 03/12/2013 | Compra | 5 | 142.7 REI 1986 | 34257 | 05/01/2026 | 22/09/2022 | 03/12/2013 | Libro |